00536nam a2200157 a 450000500170000000800410001702000170005805000200007510000160009524501320011126000330024330000210027652100080029765000320030565000410033720140310183516.0110110s19uu xx 00 eng d a978439109083 aLC 32b.B3 2009 aBach, James aSecrets of a buccaneer-scholar :bhow self-education and the pursuit of passion can lead toa lifetime of success /cJames Bach. aNew York :bScribner,c2009. a195 p. :c22 cm. aEDU aSelf-culture-United States. aHigh-school dropouts- United States.